Contabilidad Administrativa (Registro nro. 5289)
[ vista simple ]
| 000 -CABECERA | |
|---|---|
| campo de control de longitud fija | 00857aam a2200337 4500 |
| 005 - FECHA Y HORA DE ACTUALIZACIÓN | |
| campo de control | 20240927181014.0 |
| 008 - LONGITUD FIJA | |
| campo de control de longitud fija | 150508b xxu||||| |||| 00| 0 spa d |
| 041 ## - IDIOMA | |
| Código de idioma del texto/pista de sonido o título separado | |
| 082 ## - CLASIFICACIÓN DECIMAL DEWEY | |
| Número de clasificación | 658.151.1 H816co |
| 100 ## - AUTOR PERSONAL | |
| Nombre de persona | Horngren, Charles |
| 100 ## - AUTOR PERSONAL | |
| Nombre de persona | Stratton, Willian |
| 100 ## - AUTOR PERSONAL | |
| Nombre de persona | Sundem, Gary |
| 245 ## - TÍTULO PROPIAMENTE DICHO | |
| Título | Contabilidad Administrativa |
| 250 ## - EDICIÓN | |
| Mención de edición | 13 edición |
| 260 ## - PIE DE IMPRENTA | |
| Lugar de publicación, distribución, etc. | México |
| 260 ## - PIE DE IMPRENTA | |
| Nombre del editor, distribuidor, etc. | Pearson Educación |
| 260 ## - PIE DE IMPRENTA | |
| Fecha de publicación, distribución, etc. | 2006 |
| 300 ## - DESCRIPCIÓN FÍSICA | |
| Extensión | 720 páginas |
| 650 ## - Materia General | |
| Materia general | CONTABILIDAD ADMINISTRATIVA |
| 650 ## - Materia General | |
| Materia general | CONTABILIDAD |
| 650 ## - Materia General | |
| Materia general | PRESUPUESTO |
| 650 ## - Materia General | |
| Materia general | ASIGNACIÓN DE COSTOS |
| 650 ## - Materia General | |
| Materia general | NEGOCIOS |
| 650 ## - Materia General | |
| Materia general | COSTO BENEFICIO |
| 650 ## - Materia General | |
| Materia general | COSTO DE VOLÚMEN |
| 650 ## - Materia General | |
| Materia general | SISTEMAS DE COSTOS |
| 650 ## - Materia General | |
| Materia general | PRESUPUESTO DE CAPITAL |
| 650 #0 - Materia General | |
| Materia general | INFLACIÓN |
| 650 ## - Materia General | |
| Materia general | UTILIDADES |
| 942 ## - Punto de Acceso Adicional Koha | |
| Tipo de ítem Koha | Libro |
| Estado perdido | Fuente de clasificación o esquema de estantería | Estado dañado | No para préstamo | Biblioteca permanente | Biblioteca actual | Signatura completa | Código de barras | Precio efectivo a partir del | Programa Académico | Tipo de ítem |
|---|---|---|---|---|---|---|---|---|---|---|
| Dewey Decimal Classification | Departamento de Biblioteca y Documentación Alfonso Chase Brenes | Departamento de Biblioteca y Documentación Alfonso Chase Brenes | 658.151.1 H816co | 140 | 27/01/2017 | Libro | ||||
| Dewey Decimal Classification | Departamento de Biblioteca y Documentación Alfonso Chase Brenes | Departamento de Biblioteca y Documentación Alfonso Chase Brenes | 658.151.1 H816co | 14205 | 27/01/2017 | Libro |